000 00825nam a2200241Ia 4500
003 OSt
005 20220923213426.0
006 a|||||r|||| 00| 0
007 ta
008 220922b |||||||| |||| 00| 0 hin d
024 _a161,927
037 _cTextual
040 _aARTS
_cARTS
_bhin
041 _2hin
_ahin
082 _aO152,2:g(S), K5
100 _aगौड़, गणेषदत्त
_9156272
245 0 _aआघुनिक हिन्दी नाटकों का मनोवैज्ञानिक अध्ययन
246 _aĀghunik hindī nāṭakoan kā hinovaijnyānik adhyayana
260 _c1965
650 _aहिन्दी साहित्य
_9156264
942 _hO152,2:g(S), K5
_cTEXL
_2CC
999 _c316450
_d316450